País más meridional por idioma - Estadísticas

Estadísticas generales
  • Esta prueba ha sido intentada 511 veces
  • La puntuación promedio es 10 de 16
Estadísticas de respuestas
Idioma País % Correcto
español Chile
90%
portugues Brasil
89%
coreano Corea del Sur
87%
italiano Italia
85%
inglés Nueva Zelanda
83%
suazi Sudáfrica
74%
persa Irán
73%
malayo Indonesia
72%
griego Chipre
70%
alemán Suiza
60%
serbocroata Kosovo
56%
holandés Surinam
54%
chino Singapur
48%
francés Madagascar
40%
ruso Kirguistán
29%
indostaní Fiyi
22%
No se encontraron pruebas coincidentes
Distribución de puntuación
Porcentaje de gente con cada puntuación
Porcentaje por número respondido
Historial de tus puntuaciones
No has intentado esta prueba.